000 00540nam a2200193 a 4500
001 4644
003 CO-ViMGA
008 141112s2004 ck r 000 u spa d
020 _a9684460821
040 _aCO-ViMGA
_bspa
_cCO-ViMGA
082 0 4 _a823.914 D877b
100 1 _aDurrell, Lawrence
_911721
245 1 0 _aBalthazar :
_bel cuarteto de Alejandría /
_cDurrell Lawrence
260 _aMexico :
_bEditorial Hermes, Editorial Sudamericana,
_c1983
300 _a250 p
500 _a
650 1 4 _aNOVELA INGLESA
_91291
942 _2ddc
_cBK
999 _c36930
_d36930